000 00696nam a2200289 a 4500
003 AR-BaBNM
005 20251128204614.0
008 082120s2002 ||||||||||||||000 | spa||
040 _cAR-BaBNM
100 1 _aOrtega y Gasset, José
_d1883-1955
245 0 0 _aVelázquez
260 _aMadrid
_bEspasa-Calpe
_c1963
300 _a227 p.
_bcuadros
490 0 _aAustral
_vv. 1322
650 4 _aBIOGRAFIAS
650 4 _aPINTORES
650 4 _aCRITICA DE ARTE
650 4 _aCREACION ARTISTICA
650 4 _aESTETICA
650 4 _aRENACIMIENTO
650 4 _aARTE RELIGIOSO
650 4 _aHISTORIA DEL ARTE
651 4 _aEspaña
655 _aBIOGRAFIAS
942 _cBK
998 _cisola
999 _c8099
_d8099